Statistics for Flags of Countries of the World in 1910

Click here to take the quiz!

General Stats

  • This quiz has been taken 21 times
  • The average score is 47 of 67

Answer Stats

Answer% Correct
Belgium
100%
France
100%
Japan
100%
Liberia
100%
Luxembourg
100%
Netherlands
100%
Russia
100%
Switzerland
100%
United States
100%
Australia
95%
Bulgaria
95%
Chile
95%
China
95%
Denmark
95%
New Zealand
95%
Norway
95%
Panama
95%
Spain
95%
Sweden
95%
United Kingdom
95%
Austria-Hungary
(civil ensign)
90%
Monaco
90%
San Marino
90%
Uruguay
90%
Ottoman Empire
85%
Paraguay
85%
Peru
85%
Colombia
80%
Ecuador
80%
Germany
80%
Serbia
80%
Siam
80%
Venezuela
80%
Argentina
75%
Brazil
75%
Dominican Republic
75%
Italy
75%
Mexico
75%
Nepal
75%
Nicaragua
75%
Costa Rica
70%
Cuba
70%
Portugal
70%
Canada
65%
Haiti
65%
Honduras
65%
Montenegro
65%
Romania
65%
Afghanistan
60%
Guatemala
60%
Riyadh
60%
Bolivia
55%
Greece
55%
Persia
55%
South Africa
55%
Andorra
45%
Liechtenstein
45%
Newfoundland
40%
Ethiopia
30%
Dervish State
15%
El Salvador
15%
Ha'il
10%
Johor
10%
Morocco
10%
Asir
5%
Mbunda
5%
Najran
5%

Score Distribution

Percentile by Number Answered

Percent of People with Each Score

Your Score History

You have not taken this quiz